000 00714nam a2200253Ia 4500
003 OSt
005 20221005024930.0
006 a|||||r|||| 00| 0
007 ta
008 221004b |||||||| |||| 00| 0 ara d
020 _c600
024 _a10594
037 _b568, 13/03/2014, Nadwi Publications
_cTextual
040 _aCRL
_cCRL
_bara
041 _2ara
_aara
082 _aNQ4, 28Q4
100 _aQutub Jamal Au.
_9581231
245 0 _aAl-mulhimat fi al-funul tareekh
260 _aCairo
_bMaktab misr
_c2014
650 _a PAINTING
_934359
650 _aARTS
942 _hNQ4, 28Q4
_cTEXL
_2cc
999 _c933723
_d933723